000 00220nam a2200109 4500
082 _aHOG
100 _aHogan
245 _aCP/M User Guide
260 _aSingapore:
_bMcGraw-Hill,
_c1988.
300 _a200p. ;
942 _cBK
999 _c10370
_d10370